| 000 | 00469nam a22001817a 4500 | ||
|---|---|---|---|
| 999 |
_c6223 _d6221 |
||
| 005 | 20210826115854.0 | ||
| 008 | 200517b xxu||||| |||| 00| 0 eng d | ||
| 020 | _a9789385915550 | ||
| 041 | _aeng | ||
| 082 | _a615.3 SEN | ||
| 100 |
_aSENGUPTA ,P R _95414 |
||
| 245 |
_aIntroduction to pharmacology _cP R Sengupta |
||
| 250 | _a1'st | ||
| 260 |
_aNew Delhi _bCBS Publishers and distributors _c2016 |
||
| 300 | _a640, xii | ||
| 650 |
_aPharmacy _96715 |
||
| 942 | _cBK | ||